| 000 | 00529nam a2200157Ia 4500 | ||
|---|---|---|---|
| 008 | 100122s9999 xx 000 0 und d | ||
| 082 |
_b38510 _a927.92 |
||
| 100 | _aशांताराम व्ही | ||
| 245 | _aशांताराम ( मा.वि.क्र.9/2 ) | ||
| 250 | _a0 | ||
| 260 |
_bकिरण प्रकाशन _c1905 |
||
| 300 | _a585 | ||
| 630 | _aशांताराम ( मा.वि.क्र.9/2 ) | ||
| 730 | _aशांताराम ( मा.वि.क्र.9/2 ) | ||
| 942 | _cBOOK | ||
| 999 |
_c420653 _d420650 |
||